000 00265nam a2200109Ia 4500
008 190216s9999||||xx |||||||||||||| ||und||
100 _aShukla S M
245 0 _aPractical Problems In Advanced Accounts
260 _bS Chand & Co
_c1988
300 _a1362p
942 _cBK
999 _c4324
_d4324